书目信息 |
| 题名: |
环境教育与科学教育的融合
|
|
| 作者: | 姜冬梅 , 姜冬梅 著 | |
| 分册: | ||
| 出版信息: | 北京 中国环境科学出版社 2005 |
|
| 页数: | 434页 | |
| 开本: | 24cm | |
| 丛书名: | ||
| 单 册: | ||
| 中图分类: | X-4 | |
| 科图分类: | ||
| 主题词: | 环境教育--青少年读物 | |
| 电子资源: | ||
| ISBN: | 7-80209-019-9 | |
| 000 | 00964nam0 2200241 450 | |
| 001 | 06303000326 | |
| 005 | 20061201151821.48 | |
| 010 | @a7-80209-019-9@dCNY52.00 | |
| 100 | @a20060829d2005 ekmy0chiy0110 ea | |
| 101 | 0 | @achi |
| 102 | @aCN@b110000 | |
| 105 | @aa z 000yy | |
| 200 | 1 | @a环境教育与科学教育的融合@Ahuan jing jiao yu yu ke xue jiao yu de rong he@e青少年科技绿色营与创新大赛成果@f姜冬梅等著@Fjiang dong mei deng zhu |
| 210 | @a北京@c中国环境科学出版社@d2005 | |
| 215 | @a434页@c照片@d24cm | |
| 330 | @a本书全面介绍了作者组织开展科技绿色营的活动实践,同时,介绍了几位学生在老师的辅导下,进行科学研究荣获国内、国际比赛大奖的一些资料。 | |
| 517 | 1 | @a青少年科技绿色营与创新大赛成果@Aqing shao nian ke ji lu^ se ying yu chuang xin da sai cheng guo |
| 606 | 0 | @a环境教育@x青少年读物 |
| 690 | @aX-4@v3 | |
| 701 | 0 | @a姜冬梅@Ajiang dong mei@4著 |
| 701 | 0 | @a姜冬梅@Ajiang dong mei@4著 |
| 801 | 0 | @aCN@b中图数据@c20061201 |
| 905 | @a10447@dX-4@e86 | |
| 环境教育与科学教育的融合:青少年科技绿色营与创新大赛成果/姜冬梅等著.-北京:中国环境科学出版社,2005 |
| 434页:照片;24cm |
| ISBN 7-80209-019-9:CNY52.00 |
| 本书全面介绍了作者组织开展科技绿色营的活动实践,同时,介绍了几位学生在老师的辅导下,进行科学研究荣获国内、国际比赛大奖的一些资料。 |
| ● |
| 相关链接 |
|
|
|
|
正题名:环境教育与科学教育的融合
索取号:X-4/86
 
预约/预借
| 序号 | 登录号 | 条形码 | 馆藏地/架位号 | 状态 | 备注 |
| 1 | 0616441 | 206164416 | 第二样本阅览室/ [索取号:X-4/86] | 在馆 | |
| 2 | 0616442 | 206164425 | 第三借阅区/ [索取号:X-4/86] | 在馆 | |
| 3 | 0616443 | 206164434 | 第三借阅区/ [索取号:X-4/86] | 在馆 | |
| 4 | 0616444 | 206164443 | 第三借阅区/ [索取号:X-4/86] | 在馆 | |
| 5 | 0616445 | 206164452 | 第三借阅区/ [索取号:X-4/86] | 在馆 | |
| 6 | 0616446 | 206164461 | 第三借阅区/ [索取号:X-4/86] | 在馆 |